Древняя кора выветривания на ультраосновных породах Урала; Ч. 2 : Геохимия и геология древней коры выветривания на Урале

Bibliografiska uppgifter
Huvudupphovsman: Гинзбург И. И.
Institutionell upphovsman: Академия наук СССР (АН СССР) Институт геологических наук (ИГН)
Övriga upphovsmän: Белянкин Д. С. Дмитрий Степанович
Sammanfattning:С 1956 г. см. Труды геологического института и Труды института геологии рудных месторождений, петрографии, минералогии и геохимии.
Språk:ryska
Publicerad: Москва, Изд-во АН СССР, 1947
Serie:Труды института геологических наук Вып. 81
Серия Уральской комплексной экспедиции АН СССР № 2
Ämnen:
Materialtyp: MixedMaterials Bok
KOHA link:https://koha.lib.tpu.ru/cgi-bin/koha/opac-detail.pl?biblionumber=83703

MARC

LEADER 00000nam0a2200000 4500
001 83703
005 20231101213318.0
035 |a (RuTPU)RU\TPU\book\89999 
035 |a RU\TPU\book\252856 
035 |a RU\TPU\book\84890 
035 |a RU\TPU\book\89998 
090 |a 83703 
100 |a 20130206d1947 k y0rusy50 ca 
101 0 |a rus 
102 |a RU 
105 |a a z 001zy 
200 1 |a Древняя кора выветривания на ультраосновных породах Урала  |h Ч. 2 : Геохимия и геология древней коры выветривания на Урале  |f И. И. Гинзбург  |g Академия наук СССР (АН СССР), Институт геологических наук (ИГН) ; гл. ред. Д. С. Белянкин 
210 |a Москва  |c Изд-во АН СССР  |d 1947 
215 |a 135 с.  |c ил. 
225 1 |a Труды института геологических наук  |v Вып. 81 
225 1 |a Серия Уральской комплексной экспедиции АН СССР  |v № 2 
300 |a С 1956 г. см. Труды геологического института и Труды института геологии рудных месторождений, петрографии, минералогии и геохимии. 
320 |a Библиогр.: с. 128-133. 
606 1 |a Горные породы, ультраосновные  |2 stltpush  |3 (RuTPU)RU\TPU\subj\8174  |9 35650 
610 1 |a кора выветривания 
610 1 |a типы 
610 1 |a Урал 
610 1 |a выветривание 
610 1 |a породы 
610 1 |a геохимия 
610 1 |a геология 
675 |a 552.321.5/.6  |v 3 
700 1 |a Гинзбург  |b И. И. 
702 1 |a Белянкин  |b Д. С.  |c академик АН СССР  |c геолог  |c минералог  |c петрограф  |c физикохимик  |f 1876-1953  |g Дмитрий Степанович  |2 stltpush  |3 (RuTPU)RU\TPU\pers\22056  |4 651  |9 9337 
712 0 2 |a Академия наук СССР (АН СССР)  |b Институт геологических наук (ИГН)  |c (Ленинград/Москва)  |2 stltpush  |3 (RuTPU)RU\TPU\col\15163 
801 1 |a RU  |b 63413507  |c 20051020  |g PSBO 
801 2 |a RU  |b 63413507  |c 20180918  |g PSBO 
942 |c BK